[Event "18.Open Seefeld"]
[Site "Seefeld / Oesterreich"]
[Date "2007.09.02"]
[Round "2"]
[White "Strasser, Josef"]
[Black "Michel, Jan"]
[Result "1-0"]
[WhiteElo "1913"]
[BlackElo "1450"]
[PlyCount "75"]
[EventDate "2007.09.01"]
[EventType "swiss"]
[EventRounds "9"]
[EventCountry "AUT"]

1. d4 d5 2. Nf3 Nf6 3. c4 c6 4. cxd5 cxd5 5. Bf4 Nc6 6. Nc3 a6 7. e3 e6 8. Rc1
Be7 9. Bd3 Bd7 10. O-O O-O 11. h3 Rc8 12. Re1 b5 13. a3 Ne8 14. Ne5 Nxe5 15.
Bxe5 f6 16. Bg3 f5 17. Qd2 Bd6 18. Be5 Bc6 19. b4 Bxe5 20. dxe5 g6 21. Ne2 Ng7
22. Nd4 Qd7 23. Be2 Bb7 24. f4 Rxc1 25. Rxc1 Rc8 26. Kh2 Rc7 27. Nb3 Rxc1 28.
Qxc1 Ne8 29. Qc5 Ba8 30. Qb6 Qc8 31. Nc5 Nc7 32. Bf3 h6 33. Be2 Kf7 34. g4 d4
35. gxf5 gxf5 36. Bh5+ Kg7 37. exd4 Qd8 38. Qxc7+ 1-0

[Event "18.Open Seefeld"]
[Site "Seefeld / Oesterreich"]
[Date "2007.09.02"]
[Round "2"]
[White "Senn, Othmar"]
[Black "Kiechl, Stefan"]
[Result "0-1"]
[WhiteElo "1419"]
[BlackElo "1912"]
[PlyCount "82"]
[EventDate "2007.09.01"]
[EventType "swiss"]
[EventRounds "9"]
[EventCountry "AUT"]

1. d4 Nf6 2. Nf3 g6 3. Bf4 Bg7 4. h3 d6 5. e3 O-O 6. Nbd2 c6 7. c3 Nbd7 8. Qc2
Nh5 9. Bg5 h6 10. g4 Nhf6 11. Bh4 Qc7 12. Bg3 Re8 13. O-O-O b5 14. Bd3 a5 15.
Ne4 Nd5 16. Rhe1 a4 17. a3 Ba6 18. Kd2 c5 19. Rc1 Qb6 20. Kd1 Rec8 21. Ned2 Bb7
22. e4 N5f6 23. e5 dxe5 24. Nxe5 cxd4 25. Nxd7 Nxd7 26. c4 Qf6 27. f4 bxc4 28.
Bxc4 Nb6 29. Qd3 Nxc4 30. Nxc4 Ba6 31. Re2 Qc6 32. Rec2 Qh1+ 33. Be1 Rab8 34.
Re2 Rb3 35. Qe4 Qxe4 36. Rxe4 Rxc4 37. Rxc4 Bxc4 38. Kc1 e6 39. Bf2 Bd5 40. Re1
Rxh3 41. f5 Rh1 0-1

[Event "18.Open Seefeld"]
[Site "Seefeld / Oesterreich"]
[Date "2007.09.02"]
[Round "2"]
[White "Duric, Rajko"]
[Black "Diakov, Georgi"]
[Result "0-1"]
[WhiteElo "1877"]
[BlackElo "1422"]
[PlyCount "122"]
[EventDate "2007.09.01"]
[EventType "swiss"]
[EventRounds "9"]
[EventCountry "AUT"]

1. e4 e5 2. Nf3 Nc6 3. d4 exd4 4. Nxd4 d6 5. Bc4 Nf6 6. Nc3 Bd7 7. O-O Be7 8.
Be3 O-O 9. Nxc6 Bxc6 10. Bd3 Re8 11. f4 Bf8 12. Qf3 d5 13. exd5 Nxd5 14. Nxd5
Bxd5 15. Qh3 Be4 16. Rad1 Qf6 17. Bc1 Bxd3 18. Rxd3 Bc5+ 19. Kh1 Rad8 20. Qf3
Rxd3 21. Qxd3 Qe6 22. h3 Qe2 23. Qxe2 Rxe2 24. c3 f5 25. Kh2 h5 26. Kg3 Bd6 27.
Kf3 Re4 28. g4 hxg4+ 29. hxg4 g6 30. gxf5 gxf5 31. Be3 Kf7 32. Rg1 Ke6 33. Rg6+
Kf7 34. Rg5 Kf6 35. Bd4+ Be5 36. Be3 Bd6 37. Rh5 Kg6 38. Rh8 b6 39. b3 a5 40.
Rh1 Re7 41. Rd1 Re6 42. Rg1+ Kf7 43. Rg5 Kf6 44. Bd4+ Be5 45. Rg8 Bxd4 46. cxd4
Re7 47. Rf8+ Kg6 48. Rh8 Kf7 49. Rh7+ Kf6 50. Rxe7 Kxe7 51. Ke3 Ke6 52. a4 c6
53. Ke2 Kd6 54. Ke3 Kd5 55. Kd3 b5 56. Kc3 Ke4 57. axb5 cxb5 58. d5 Kxd5 59.
Kd3 a4 60. bxa4 bxa4 61. Kc3 Ke4 0-1

[Event "18.Open Seefeld"]
[Site "Seefeld / Oesterreich"]
[Date "2007.09.02"]
[Round "2"]
[White "Auf'm Wasser, Günter"]
[Black "Masson, Wally"]
[Result "1-0"]
[WhiteElo "1867"]
[BlackElo "1290"]
[PlyCount "63"]
[EventDate "2007.09.01"]
[EventType "swiss"]
[EventRounds "9"]
[EventCountry "AUT"]

1. e4 b6 2. Nf3 Bb7 3. Bc4 e6 4. Nc3 Bb4 5. O-O d6 6. d3 Bxc3 7. bxc3 Nf6 8.
Bg5 Nbd7 9. Re1 O-O 10. d4 Qe8 11. Bd3 Nh5 12. Nd2 f5 13. exf5 e5 14. g4 Nhf6
15. f3 h5 16. Ne4 Nxe4 17. Bxe4 Bxe4 18. Rxe4 hxg4 19. fxg4 Nf6 20. Bxf6 gxf6
21. Qd3 Kf7 22. dxe5 fxe5 23. Qc4+ Kf6 24. Rf1 c6 25. g5+ Ke7 26. Qe6+ Kd8 27.
Qxd6+ Kc8 28. Rxe5 Qd7 29. Qxf8+ Kb7 30. Qe7 Qxe7 31. Rxe7+ Ka6 32. f6 1-0

[Event "18.Open Seefeld"]
[Site "Seefeld / Oesterreich"]
[Date "2007.09.02"]
[Round "2"]
[White "Ewanno, Georg"]
[Black "Helbig, Dieter"]
[Result "0-1"]
[WhiteElo "1250"]
[BlackElo "1863"]
[PlyCount "84"]
[EventDate "2007.09.01"]
[EventType "swiss"]
[EventRounds "9"]
[EventCountry "AUT"]

1. f4 c5 2. Nf3 Nc6 3. e3 g6 4. Nc3 Bg7 5. b3 Nf6 6. Rb1 O-O 7. Bb2 a6 8. a3 d6
9. Bd3 Ng4 10. O-O b5 11. Ne4 Qb6 12. Bxg7 Kxg7 13. Qe1 h6 14. Qh4 Rh8 15. Qg3
Nf6 16. Nxf6 exf6 17. Nh4 Ne7 18. Kh1 Bd7 19. f5 g5 20. Be4 Rae8 21. Bd3 Kf8
22. Nf3 Qc6 23. c4 Nxf5 24. Qf2 d5 25. cxb5 axb5 26. a4 bxa4 27. bxa4 Qxa4 28.
Qe2 Nd6 29. Rb6 c4 30. Rxd6 cxd3 31. Qf2 Re6 32. Rxd5 Bc6 33. Rd8+ Kg7 34. Rxh8
Kxh8 35. Nd4 Rd6 36. Nf5 Rd7 37. Nxh6 Kh7 38. Ng4 Qxg4 39. Qf5+ Qxf5 40. Rxf5
Kg6 41. Rc5 Be4 42. Kg1 Ra7 0-1

[Event "18.Open Seefeld"]
[Site "Seefeld / Oesterreich"]
[Date "2007.09.02"]
[Round "2"]
[White "Egger, Herbert"]
[Black "Breedveld, Carmen"]
[Result "1-0"]
[WhiteElo "1839"]
[BlackElo "1289"]
[PlyCount "83"]
[EventDate "2007.09.01"]
[EventType "swiss"]
[EventRounds "9"]
[EventCountry "AUT"]

1. e4 c5 2. Nf3 b6 3. Nc3 Bb7 4. d3 g6 5. Be2 Bg7 6. O-O Bxc3 7. bxc3 d6 8. c4
Nc6 9. Bb2 e5 10. h3 Qd7 11. Bc1 O-O-O 12. Nh2 Kb8 13. f4 f5 14. fxe5 dxe5 15.
Bb2 Nf6 16. exf5 gxf5 17. Nf3 Rde8 18. Re1 Rhg8 19. Bf1 Nh5 20. Nxe5 Nxe5 21.
Rxe5 Nf4 22. Qd2 Nxh3+ 23. Kh2 f4 24. gxh3 f3 25. Rxe8+ Rxe8 26. Qf4+ Ka8 27.
Be5 a5 28. a4 Ka7 29. d4 Qc6 30. dxc5 bxc5 31. Bd6 f2 32. Bxc5+ Ka8 33. Bxf2
Qh1+ 34. Kg3 Rg8+ 35. Kh4 Qc6 36. Bd4 Qc8 37. Bd3 Qd8+ 38. Qf6 Qc7 39. Rg1 Rd8
40. Rg7 Qb8 41. Be4 Bxe4 42. Qa6+ 1-0

[Event "18.Open Seefeld"]
[Site "Seefeld / Oesterreich"]
[Date "2007.09.03"]
[Round "3"]
[White "van der Weide, Karel"]
[Black "Fuchs, Georg"]
[Result "0-1"]
[WhiteElo "2502"]
[BlackElo "2193"]
[PlyCount "66"]
[EventDate "2007.09.01"]
[EventType "swiss"]
[EventRounds "9"]
[EventCountry "AUT"]

1. e4 e5 2. Nc3 Nc6 3. f4 Bc5 4. Nf3 d6 5. Bb5 Bg4 6. Na4 Nge7 7. fxe5 O-O 8.
c3 Bxf3 9. gxf3 Ng6 10. d4 Qh4+ 11. Kd2 Bxd4 12. Bxc6 Qf2+ 13. Qe2 bxc6 14.
Qxf2 Bxf2 15. exd6 cxd6 16. Ke2 Bh4 17. Rd1 f5 18. Rxd6 fxe4 19. f4 Nxf4+ 20.
Bxf4 Rxf4 21. Rf1 Rg4 22. Rd7 Re8 23. Nc5 Rg2+ 24. Ke3 Bg5+ 25. Kd4 e3 26. Nd3
Rd2 27. Rg1 Bf6+ 28. Kc5 e2 29. Kxc6 g6 30. c4 Rd1 31. Rg2 Re6+ 32. Kb5 Rxd3
33. Rxe2 Rb6+ 0-1

[Event "18.Open Seefeld"]
[Site "Seefeld / Oesterreich"]
[Date "2007.09.03"]
[Round "3"]
[White "Sucher, Johannes"]
[Black "Pitl, Gregory"]
[Result "0-1"]
[WhiteElo "2197"]
[BlackElo "2387"]
[PlyCount "128"]
[EventDate "2007.09.01"]
[EventType "swiss"]
[EventRounds "9"]
[EventCountry "AUT"]

1. d4 Nf6 2. Bg5 Ne4 3. Bh4 c5 4. f3 g5 5. fxe4 gxh4 6. e3 Bh6 7. Qd3 Qb6 8. b3
Nc6 9. c3 d6 10. Nd2 Bd7 11. Ngf3 h3 12. g3 O-O-O 13. Ng1 Kb8 14. Bxh3 d5 15.
exd5 Bxh3 16. Nxh3 Rxd5 17. Nc4 Qc7 18. Nf4 Bxf4 19. gxf4 cxd4 20. cxd4 b5 21.
Qe4 Rhd8 22. Ne5 Nxe5 23. fxe5 Qc3+ 24. Ke2 Rxd4 25. exd4 Rxd4 26. Qe3 Qc2+ 27.
Kf1 Qf5+ 28. Kg2 Rg4+ 29. Qg3 h5 30. Rhf1 Rxg3+ 31. hxg3 Qe4+ 32. Kh2 h4 33.
gxh4 Qxh4+ 34. Kg2 Qg5+ 35. Kf3 Qf5+ 36. Ke3 Qxe5+ 37. Kd3 Qd5+ 38. Kc3 Qc5+
39. Kb2 Qd4+ 40. Kc2 Qe4+ 41. Kb2 Qg2+ 42. Kc3 a5 43. a4 b4+ 44. Kc4 Qe4+ 45.
Kc5 Qe5+ 46. Kc4 Qc3+ 47. Kb5 Kb7 48. Rac1 Qe5+ 49. Kc4 Qe4+ 50. Kc5 Qe5+ 51.
Kc4 Qe6+ 52. Kd4 Qxb3 53. Rf2 Qxa4 54. Rfc2 Qd7+ 55. Kc4 Kb6 56. Kb3 Qd3+ 57.
Kb2 Qd4+ 58. Kb3 Kb5 59. Rc8 a4+ 60. Ka2 b3+ 61. Kb1 Qe4+ 62. Ka1 Qe5+ 63. R1c3
Qh2 64. R8c5+ Kb4 0-1

[Event "18.Open Seefeld"]
[Site "Seefeld / Oesterreich"]
[Date "2007.09.03"]
[Round "3"]
[White "Jaenig, Reinhard"]
[Black "Bayer, Bernhard"]
[Result "0-1"]
[WhiteElo "2176"]
[BlackElo "2356"]
[PlyCount "140"]
[EventDate "2007.09.01"]
[EventType "swiss"]
[EventRounds "9"]
[EventCountry "AUT"]

1. e4 e5 2. Nf3 Nc6 3. Bb5 a6 4. Ba4 Nf6 5. O-O Be7 6. Re1 b5 7. Bb3 d6 8. c3
O-O 9. h3 Nb8 10. d3 Nbd7 11. Nbd2 c5 12. Nf1 h6 13. Ng3 Nb6 14. Be3 Re8 15. d4
Qc7 16. Nh2 Bb7 17. d5 Bf8 18. Qf3 Nh7 19. Nf5 Bc8 20. h4 Qd8 21. g3 a5 22. Ng4
a4 23. Bc2 Kh8 24. Rad1 Nd7 25. Kg2 Ndf6 26. Nh2 Ng8 27. Bc1 g6 28. Ne3 Bg7 29.
Rh1 Rf8 30. h5 Ngf6 31. hxg6 fxg6 32. Qe2 Qd7 33. Nf3 Qe8 34. Rh4 Ng8 35. Rdh1
Ra7 36. Bd1 Raf7 37. Qc2 Rf6 38. Rf1 Qf7 39. Ng1 h5 40. f4 exf4 41. Rhxf4 Qe8
42. b3 axb3 43. axb3 Ng5 44. Rxf6 Nxf6 45. e5 dxe5 46. c4 Bd7 47. cxb5 Bxb5 48.
Be2 Bxe2 49. Nxe2 Nfe4 50. Rxf8+ Qxf8 51. Ng1 Kh7 52. Qe2 Qa8 53. Nf3 Nxf3 54.
Kxf3 Ng5+ 55. Kf2 Qa1 56. Qc4 e4 57. Qxc5 Qf6+ 58. Ke1 Nf3+ 59. Kd1 Nd4 60. Qc4
Qf3+ 61. Kd2 Qxg3 62. b4 h4 63. b5 h3 64. Nf1 Qf2+ 65. Kd1 h2 66. Nxh2 Qxh2 67.
b6 Qg1+ 68. Kd2 e3+ 69. Kd3 Qf1+ 70. Kc3 Qxc1+ 0-1

[Event "18.Open Seefeld"]
[Site "Seefeld / Oesterreich"]
[Date "2007.09.03"]
[Round "3"]
[White "Stoer, Andreas"]
[Black "Sandhu, Mario"]
[Result "1/2-1/2"]
[WhiteElo "2171"]
[BlackElo "2338"]
[PlyCount "119"]
[EventDate "2007.09.01"]
[EventType "swiss"]
[EventRounds "9"]
[EventCountry "AUT"]

1. c4 Nf6 2. Nf3 b6 3. g3 c5 4. Bg2 Bb7 5. O-O g6 6. Nc3 Bg7 7. d4 cxd4 8. Qxd4
O-O 9. Qh4 d6 10. Bg5 Nbd7 11. Rac1 Rc8 12. Rfd1 Re8 13. Bf1 Nc5 14. Bh3 Rb8
15. Nd4 Nfe4 16. Nxe4 Nxe4 17. Be3 Bf6 18. Qh6 a6 19. f3 Nc5 20. Bg5 e5 21.
Bxf6 Qxf6 22. Nf5 Rbd8 23. b4 Na4 24. e4 Bc8 25. Kg2 Bxf5 26. Bxf5 Qe7 27. Bg4
a5 28. a3 axb4 29. axb4 Rf8 30. h4 f5 31. Bh3 Rf6 32. exf5 e4 33. Re1 exf3+ 34.
Kf2 Qf7 35. Qe3 d5 36. Qb3 b5 37. cxd5 gxf5 38. Kxf3 Nb6 39. Rcd1 Nc4 40. Bf1
Nd6 41. Re6 Qg7 42. Kg2 Rc8 43. Qb2 Ne4 44. Rd3 Rxe6 45. Qxg7+ Kxg7 46. dxe6
Rc2+ 47. Kg1 Kf6 48. Re3 Kxe6 49. g4 Ke5 50. gxf5 Kf4 51. Re1 Rb2 52. Bd3 Nd2
53. Re2 Nf3+ 54. Kf2 Rxe2+ 55. Bxe2 Nxh4 56. f6 Ng6 57. Bxb5 Ne5 58. Be8 Ng4+
59. Ke2 Nxf6 60. Bc6 1/2-1/2

[Event "18.Open Seefeld"]
[Site "Seefeld / Oesterreich"]
[Date "2007.09.03"]
[Round "3"]
[White "Kesik, Klaus-Dieter"]
[Black "Breedveld, Andre"]
[Result "1-0"]
[WhiteElo "2332"]
[BlackElo "2151"]
[PlyCount "115"]
[EventDate "2007.09.01"]
[EventType "swiss"]
[EventRounds "9"]
[EventCountry "AUT"]

1. d4 Nf6 2. Nf3 e6 3. c4 c5 4. e3 d5 5. Nc3 a6 6. a4 Nc6 7. Be2 Bd6 8. O-O O-O
9. b3 Ne4 10. Bb2 cxd4 11. exd4 Bc7 12. Rc1 f5 13. cxd5 Nxc3 14. Bxc3 exd5 15.
Ne5 Nxe5 16. dxe5 Be6 17. f4 Bb6+ 18. Bd4 Rf7 19. Bf3 Rd7 20. Rf2 Bxd4 21. Qxd4
Rc8 22. Rfc2 Rxc2 23. Rxc2 g6 24. h3 h5 25. b4 Kf7 26. Kh2 h4 27. Rc5 Kg7 28.
b5 axb5 29. Rxb5 Kf7 30. Rb6 Qc7 31. a5 Qc1 32. Be2 Qe1 33. Rxe6 Qg3+ 34. Kg1
Qe1+ 35. Bf1 Kxe6 36. Qb6+ Ke7 37. Qf6+ Ke8 38. e6 Rc7 39. Qxg6+ Ke7 40. Qxf5
Qe3+ 41. Kh1 Qxe6 42. Qh7+ Kd6 43. Qxh4 Rc1 44. Qd8+ Kc5 45. Qc7+ Qc6 46. Qe7+
Kd4 47. Qe5+ Kc5 48. Qe2 Kb4 49. Kh2 Kxa5 50. Qd2+ Kb6 51. Be2 Qc5 52. Bf3 Qg1+
53. Kg3 Qe1+ 54. Qxe1 Rxe1 55. Bxd5 Re7 56. f5 Kc5 57. f6 Re5 58. f7 1-0

[Event "18.Open Seefeld"]
[Site "Seefeld / Oesterreich"]
[Date "2007.09.03"]
[Round "3"]
[White "Platzgummer, Fabian"]
[Black "Vatter, Hans-Joachim"]
[Result "1/2-1/2"]
[WhiteElo "2124"]
[BlackElo "2319"]
[PlyCount "199"]
[EventDate "2007.09.01"]
[EventType "swiss"]
[EventRounds "9"]
[EventCountry "AUT"]

1. d4 e6 2. c4 Nf6 3. Nc3 Bb4 4. Nf3 O-O 5. e3 Bxc3+ 6. bxc3 d6 7. Bd3 Nbd7 8.
O-O e5 9. Qc2 Re8 10. Ng5 h6 11. Ne4 Nxe4 12. Bxe4 Nf6 13. Bf5 e4 14. Bxc8 Qxc8
15. f3 Qe6 16. Qb3 b6 17. f4 a6 18. f5 Qd7 19. a4 Rab8 20. Rb1 c6 21. Bd2 d5
22. Be1 Ng4 23. Bf2 Qxf5 24. Bg3 Qh5 25. Qd1 Rb7 26. h3 Nf6 27. Qxh5 Nxh5 28.
Be5 Re6 29. g4 Nf6 30. Bxf6 Rxf6 31. Rxf6 gxf6 32. c5 b5 33. Kg2 Kf8 34. a5 Ke7
35. Kg3 Ke6 36. Kf4 Rb8 37. Rb2 Rh8 38. h4 Rg8 39. Rg2 Rh8 40. Rb2 h5 41. g5
fxg5+ 42. hxg5 f5 43. Rg2 h4 44. g6 Kf6 45. Rg5 Kg7 46. Kxf5 h3 47. Rg1 Rh6 48.
Rh1 h2 49. Kf4 Rh3 50. Kg4 Rxe3 51. Rxh2 Kxg6 52. Rh8 Rf3 53. Rg8+ Kf7 54. Rc8
Rf6 55. Kg5 Re6 56. Rc7+ Ke8 57. Kf5 Re7 58. Rc8+ Kd7 59. Rh8 e3 60. Rh1 e2 61.
Re1 Re4 62. Kf6 Ke8 63. Kg6 Ke7 64. Kg5 Ke6 65. Kg6 Rg4+ 66. Kh5 Re4 67. Kg6
Kd7 68. Kf6 Ke8 69. Kg6 Kf8 70. Kf6 Re3 71. Kf5 Kf7 72. Kf4 Rxc3 73. Rxe2 b4
74. Ke5 Ke7 75. Rh2 Re3+ 76. Kf5 b3 77. Rh7+ Kd8 78. Rb7 Re4 79. Rxb3 Rxd4 80.
Ke5 Rh4 81. Rb6 Kc7 82. Rxa6 Re4+ 83. Kf5 Rc4 84. Ra7+ Kb8 85. Rg7 Rxc5 86. Ke5
Rxa5 87. Kd6 Ra7 88. Rg8+ Kb7 89. Rg4 Ra5 90. Rb4+ Rb5 91. Rh4 Rb3 92. Kc5 Rb5+
93. Kd6 Kb6 94. Ra4 Rb3 95. Ra8 Kb7 96. Rh8 Rc3 97. Rh1 Kb6 98. Rb1+ Ka5 99.
Ke5 Rc4 100. Kd6 1/2-1/2

[Event "18.Open Seefeld"]
[Site "Seefeld / Oesterreich"]
[Date "2007.09.03"]
[Round "3"]
[White "Stabolewski, Andreas"]
[Black "Schmidt, Juergen"]
[Result "1-0"]
[WhiteElo "2263"]
[BlackElo "2130"]
[PlyCount "71"]
[EventDate "2007.09.01"]
[EventType "swiss"]
[EventRounds "9"]
[EventCountry "AUT"]

1. Nf3 Nf6 2. c4 e6 3. Nc3 d5 4. d4 Be7 5. Bg5 O-O 6. e3 Nbd7 7. Bd3 c6 8. O-O
dxc4 9. Bxc4 b5 10. Bd3 a6 11. Qc2 h6 12. Bxf6 Nxf6 13. Ne4 Nxe4 14. Bxe4 Bb7
15. Ne5 Rc8 16. Rac1 Bd6 17. f4 Bxe5 18. fxe5 Rc7 19. Qe2 f5 20. exf6 Rxf6 21.
Rxf6 Qxf6 22. Rf1 Qe7 23. Qh5 c5 24. Bd3 e5 25. dxe5 Qe6 26. Bf5 Qc6 27. e4 Bc8
28. Rd1 Rf7 29. Rd8+ Rf8 30. Rxf8+ Kxf8 31. Bxc8 Qxc8 32. Qf5+ Qxf5 33. exf5 c4
34. Kf2 a5 35. Ke3 Kf7 36. Kd4 1-0

[Event "18.Open Seefeld"]
[Site "Seefeld / Oesterreich"]
[Date "2007.09.03"]
[Round "3"]
[White "Wanderer, Thomas"]
[Black "Thoeny, Hermann"]
[Result "1/2-1/2"]
[WhiteElo "2215"]
[BlackElo "2123"]
[PlyCount "79"]
[EventDate "2007.09.01"]
[EventType "swiss"]
[EventRounds "9"]
[EventCountry "AUT"]

1. e4 e6 2. d3 d5 3. Nd2 c5 4. Ngf3 Nc6 5. g3 Bd6 6. Bg2 Nge7 7. O-O O-O 8. Nh4
Bc7 9. f4 f5 10. exf5 Nxf5 11. Nxf5 exf5 12. Re1 Qd6 13. c3 Rb8 14. Nf3 Bd7 15.
Bd2 b5 16. Kh1 Kh8 17. Ng5 h6 18. Qh5 Kg8 19. Re5 Ne7 20. Rxe7 hxg5 21. Qxg5
Rf7 22. Rxf7 Kxf7 23. Re1 Rh8 24. Re5 Be6 25. Rxf5+ Bxf5 26. Qxf5+ Ke7 27. Bxd5
Qh6 28. h4 Qh5 29. Qe4+ Kd8 30. Bc6 Qg4 31. Qd5+ Kc8 32. Bb7+ Kb8 33. Ba6 Qh3+
34. Kg1 Qxg3+ 35. Kf1 Qh3+ 36. Ke2 Qg4+ 37. Kf1 Qh3+ 38. Ke2 Qg4+ 39. Kf1 Qh3+
40. Ke2 1/2-1/2

[Event "18.Open Seefeld"]
[Site "Seefeld / Oesterreich"]
[Date "2007.09.03"]
[Round "3"]
[White "Heinig, Wolfram"]
[Black "Huettemann, Ralf"]
[Result "1/2-1/2"]
[WhiteElo "2360"]
[BlackElo "1998"]
[PlyCount "96"]
[EventDate "2007.09.01"]
[EventType "swiss"]
[EventRounds "9"]
[EventCountry "AUT"]

1. d4 d5 2. c4 Nc6 3. Nc3 e6 4. Nf3 Nf6 5. Bg5 Bb4 6. e3 h6 7. Bh4 O-O 8. Rc1
g5 9. Bg3 Ne7 10. Qb3 Bxc3+ 11. Qxc3 Ne4 12. Qc2 c6 13. Nd2 f5 14. Bd3 Ng6 15.
f3 Nxd2 16. Qxd2 Qe7 17. O-O Bd7 18. e4 dxe4 19. fxe4 f4 20. Bf2 e5 21. d5 f3
22. g3 Kh7 23. b4 Rf6 24. Rfd1 a6 25. Bf1 Qg7 26. a4 cxd5 27. exd5 Bxa4 28. Re1
Bd7 29. c5 Re8 30. d6 Bc6 31. Rcd1 Qd7 32. Qc3 Bb5 33. Bxb5 axb5 34. Qd3 e4 35.
Qf1 Rfe6 36. Re3 Nf4 37. gxf4 gxf4 38. Ree1 e3 39. Qd3+ Rg6+ 40. Kh1 exf2 41.
Rxe8 Qxe8 42. Rf1 Qe2 43. Qb1 Qd2 44. Qf5 Qe1 45. Qf7+ Rg7 46. Qf5+ Kg8 47.
Qc8+ Kf7 48. Qf5+ Kg8 1/2-1/2

[Event "18.Open Seefeld"]
[Site "Seefeld / Oesterreich"]
[Date "2007.09.03"]
[Round "3"]
[White "Schunk, Thomas"]
[Black "Oettinger, Hagen"]
[Result "1/2-1/2"]
[WhiteElo "2346"]
[BlackElo "2085"]
[PlyCount "63"]
[EventDate "2007.09.01"]
[EventType "swiss"]
[EventRounds "9"]
[EventCountry "AUT"]

1. c4 e5 2. g3 Nc6 3. Bg2 d6 4. Nc3 g6 5. d3 Bg7 6. e3 f5 7. Nge2 Nf6 8. O-O
O-O 9. Rb1 Rb8 10. b4 a6 11. Qc2 Be6 12. Nd5 Ne7 13. Nxf6+ Bxf6 14. f4 c6 15.
Bd2 b5 16. c5 dxc5 17. bxc5 Bd5 18. e4 fxe4 19. Bxe4 Nf5 20. Rbe1 Qd7 21. Nc3
Be6 22. Kh1 Nd4 23. Qb1 exf4 24. Bxf4 Rbe8 25. Bg2 Bh3 26. Bd6 Bxg2+ 27. Kxg2
Rf7 28. Ne4 Nf5 29. Qb3 Re6 30. g4 Nd4 31. Nxf6+ Rexf6 32. Qd1 1/2-1/2

[Event "18.Open Seefeld"]
[Site "Seefeld / Oesterreich"]
[Date "2007.09.03"]
[Round "3"]
[White "Niedermair, Hannes"]
[Black "Kroencke, Manfred"]
[Result "0-1"]
[WhiteElo "2069"]
[BlackElo "2207"]
[PlyCount "80"]
[EventDate "2007.09.01"]
[EventType "swiss"]
[EventRounds "9"]
[EventCountry "AUT"]

1. Nf3 d5 2. g3 Nf6 3. Bg2 e6 4. O-O Be7 5. d3 O-O 6. Nbd2 c5 7. e4 Nc6 8. Re1
Qc7 9. c3 b6 10. e5 Nd7 11. Qe2 Bb7 12. Nf1 b5 13. h4 Rfd8 14. Bf4 b4 15. N1h2
bxc3 16. bxc3 Qa5 17. Rec1 Rab8 18. h5 Ba6 19. Ng4 Qa3 20. h6 Rb2 21. Rc2 Rxc2
22. Qxc2 g6 23. Rb1 Rb8 24. Rxb8+ Ncxb8 25. Bc1 Bxd3 26. Qd2 Qa6 27. Ng5 Bf5
28. Qf4 Qe2 29. Nf6+ Bxf6 30. exf6 e5 31. Qh4 Qd1+ 32. Kh2 Nxf6 33. Nxh7 Ng4+
34. Qxg4 Bxg4 35. Nf6+ Kh8 36. Ba3 Nd7 37. Nxd5 Be6 38. Ne3 Qh5+ 39. Kg1 Qxh6
40. Bb2 Qf8 0-1

[Event "18.Open Seefeld"]
[Site "Seefeld / Oesterreich"]
[Date "2007.09.03"]
[Round "3"]
[White "Wempe, Juergen"]
[Black "Schulze, Joachim"]
[Result "1/2-1/2"]
[WhiteElo "2204"]
[BlackElo "1996"]
[PlyCount "141"]
[EventDate "2007.09.01"]
[EventType "swiss"]
[EventRounds "9"]
[EventCountry "AUT"]

1. d4 Nf6 2. Nf3 g6 3. Bg5 Bg7 4. Nbd2 O-O 5. e4 d6 6. Be2 c6 7. O-O Nbd7 8.
Re1 e5 9. dxe5 dxe5 10. Nc4 Qc7 11. Qd6 Qxd6 12. Nxd6 h6 13. Bh4 g5 14. Bg3 Nh5
15. Bxe5 Nxe5 16. Nxe5 Bxe5 17. Nxc8 Raxc8 18. Bxh5 Rcd8 19. Rad1 Kg7 20. c3
Kf6 21. g3 Ke7 22. Kg2 f6 23. Kh3 b5 24. Kg4 Rg8 25. h3 Ke6 26. Bg6 a5 27. Bf5+
Ke7 28. Kh5 a4 29. a3 c5 30. Rd5 Rxd5 31. exd5 Kd6 32. Be6 Rb8 33. Kg4 f5+ 34.
Bxf5 Kxd5 35. Rd1+ Kc6 36. Be4+ Kc7 37. f4 gxf4 38. gxf4 Bd6 39. Bc2 Rg8+ 40.
Kf3 h5 41. Rd5 Rg1 42. Rxh5 Rf1+ 43. Ke4 Rxf4+ 44. Kd5 Rf6 45. c4 Kb6 46. cxb5
Kxb5 47. Bd3+ Kb6 48. Bf5 Bf8 49. Kc4 Rd6 50. Rh7 Bh6 51. Bd7 Bc1 52. Kc3 Ka5
53. Bc8 Kb6 54. Rb7+ Kc6 55. Ra7 Rd4 56. Bf5 Kb6 57. Ra8 Kb7 58. Rc8 Kb6 59.
Bg4 Rf4 60. Bd1 Be3 61. Ra8 Bd4+ 62. Kd3 c4+ 63. Kd2 Rf2+ 64. Be2 c3+ 65. bxc3
Bxc3+ 66. Kd3 Rh2 67. Bg4 Ba5 68. Bc8 Rd2+ 69. Kc4 Rc2+ 70. Kd4 Rd2+ 71. Kc4
1/2-1/2

[Event "18.Open Seefeld"]
[Site "Seefeld / Oesterreich"]
[Date "2007.09.03"]
[Round "3"]
[White "Hofer, Franz"]
[Black "Jandke, Manfred"]
[Result "1/2-1/2"]
[WhiteElo "2051"]
[BlackElo "2201"]
[PlyCount "97"]
[EventDate "2007.09.01"]
[EventType "swiss"]
[EventRounds "9"]
[EventCountry "AUT"]

1. c4 Nf6 2. g3 c6 3. Nf3 d5 4. b3 Bf5 5. Bb2 e6 6. Bg2 h6 7. O-O Nbd7 8. d3
Qc7 9. Nbd2 Bd6 10. Re1 Bh7 11. cxd5 cxd5 12. Rc1 Qa5 13. a3 O-O 14. b4 Qd8 15.
Qb3 a5 16. e4 Be7 17. e5 Ne8 18. Bd4 axb4 19. axb4 Nc7 20. Bc5 Nb5 21. d4 Ra3
22. Qb2 b6 23. Bxe7 Qxe7 24. Bf1 Bd3 25. Bxd3 Rxd3 26. Re3 Rxe3 27. fxe3 f6 28.
exf6 Rxf6 29. Rf1 Nd6 30. Nh4 b5 31. Rxf6 Nxf6 32. Ng6 Qc7 33. Ne5 Nc4 34.
Ndxc4 dxc4 35. Qc2 Qd6 36. Qg6 Qc7 37. Ng4 Nxg4 38. Qxe6+ Kh8 39. Qxg4 c3 40.
Qd1 c2 41. Qc1 Qc3 42. Kf2 Kg8 43. Ke2 Kf7 44. e4 g5 45. h4 Qxg3 46. hxg5 Qg2+
47. Kd3 h5 48. Qf4+ Kg8 49. g6 1/2-1/2

[Event "18.Open Seefeld"]
[Site "Seefeld / Oesterreich"]
[Date "2007.09.03"]
[Round "3"]
[White "Schlosser, Andree"]
[Black "Klein, Gereon"]
[Result "1-0"]
[WhiteElo "2200"]
[BlackElo "2009"]
[PlyCount "51"]
[EventDate "2007.09.01"]
[EventType "swiss"]
[EventRounds "9"]
[EventCountry "AUT"]

1. d4 d5 2. Bf4 c6 3. c3 Bf5 4. Nf3 Nf6 5. e3 e6 6. Nbd2 Be7 7. Ne5 Nbd7 8. g4
Bg6 9. h4 h6 10. Nxg6 fxg6 11. Bd3 Nf8 12. g5 hxg5 13. Bxg5 N6d7 14. Rg1 Bxg5
15. hxg5 e5 16. dxe5 Nxe5 17. Nf3 Nxd3+ 18. Qxd3 Qe7 19. O-O-O O-O-O 20. Rg4
Rh3 21. Nd4 Qe5 22. Qe2 Rd7 23. Rf4 Ne6 24. Qg4 Nxg5 25. Rf8+ Kc7 26. Qxg5 1-0

[Event "18.Open Seefeld"]
[Site "Seefeld / Oesterreich"]
[Date "2007.09.03"]
[Round "3"]
[White "Frank, Albert"]
[Black "Wallnoefer, Hannes"]
[Result "1/2-1/2"]
[WhiteElo "1994"]
[BlackElo "2096"]
[PlyCount "79"]
[EventDate "2007.09.01"]
[EventType "swiss"]
[EventRounds "9"]
[EventCountry "AUT"]

1. b3 e5 2. Bb2 d6 3. e3 Nf6 4. d4 exd4 5. exd4 d5 6. Nf3 Bd6 7. Bb5+ c6 8. Bd3
Bg4 9. O-O O-O 10. Nbd2 Nbd7 11. h3 Bh5 12. Re1 Qc7 13. g4 Bg6 14. Ne5 Bxd3 15.
cxd3 h6 16. Ndf3 Rae8 17. Qd2 Re7 18. Re2 Rfe8 19. Rae1 Nh7 20. Kg2 Ndf8 21.
Nh4 f6 22. Nf5 fxe5 23. Nxe7+ Bxe7 24. dxe5 Ne6 25. f4 g5 26. f5 Nf4+ 27. Kh1
Nxe2 28. Rxe2 c5 29. f6 Bf8 30. e6 Nxf6 31. Bxf6 Qg3 32. Qe3 Qxe3 33. Rxe3 Bd6
34. Kg2 b6 35. h4 gxh4 36. Bxh4 Kg7 37. e7 Kf7 38. Rf3+ Kg7 39. Re3 Kf7 40.
Rf3+ 1/2-1/2

[Event "18.Open Seefeld"]
[Site "Seefeld / Oesterreich"]
[Date "2007.09.03"]
[Round "3"]
[White "Gruber, Michael"]
[Black "Matt, Stefan"]
[Result "1-0"]
[WhiteElo "2160"]
[BlackElo "1875"]
[PlyCount "77"]
[EventDate "2007.09.01"]
[EventType "swiss"]
[EventRounds "9"]
[EventCountry "AUT"]

1. e4 c5 2. Nf3 e6 3. d4 cxd4 4. Nxd4 a6 5. Nc3 Qc7 6. Bd3 Nf6 7. O-O b5 8. Bd2
Bb7 9. Qe2 d6 10. a4 bxa4 11. Rxa4 Be7 12. Rfa1 O-O 13. b4 Nc6 14. Nxc6 Qxc6
15. Bxa6 Nxe4 16. Bxb7 Nxc3 17. Bxc6 Nxe2+ 18. Kf1 Rxa4 19. Bxa4 Nd4 20. c3 Nf5
21. Bc2 g6 22. Ra7 Bf6 23. g4 Ne7 24. g5 Nc8 25. Rd7 Rd8 26. Rc7 Bg7 27. Be3 d5
28. f4 Nd6 29. Bd3 e5 30. b5 e4 31. Be2 Nf5 32. Ba7 d4 33. cxd4 Bxd4 34. Bxd4
Nxd4 35. Bc4 Nf5 36. Bxf7+ Kf8 37. b6 Rb8 38. b7 Nd6 39. Bd5 1-0